000
00284nam a22001217a 4500
008
260316b ||||| |||| 00| 0 eng d
041
_a
eng
080
_a
1.1
100
_a
22
101
_a
ekonomi
245
_a
Tatimet
_c
Instituti per kontabilitet auditim financa
942
_2
udc
_c
BK
999
_c
60901
_d
60901